000 00652nam a2200205Ii 4500
003 JO-AjNU
008 230605s9999||||xx |||||||||||||| ||und||
040 _aJO-AjNU
_bara
_erda
_cJO-AjNU
041 _aara
050 1 4 _aRJ101 .S65
100 3 _aتأليف سبوك ؛ترجمة منير عامر ,
_eauthor
_952787
245 0 0 _aحديث الى الامهات
250 _aط2
264 3 1 _aبيروت: المؤسسة العربية للنشر ،1984
300 _a238ص
336 _atext
_btxt
_2rdacontent
337 _aunmediated
_bn
_2rdamedia
338 _avolume
_bnc
_2rdacarrier
650 4 _a الأطفال -- علم نفس 
_952788
999 _aA23404
_c26972
_d26972